Central Library OPAC University of Rajshahi

Bernard Spencer : (Record no. 80442)

MARC details
000 -LEADER
fixed length control field 00635nam a2200229 i 4500
001 - CONTROL NUMBER
control field 80442
003 - CONTROL NUMBER IDENTIFIER
rucl marc code BD-RjUL
005 - DATE AND TIME OF LATEST TRANSACTION
control field 20220927122106.0
008 - FIXED-LENGTH DATA ELEMENTS--GENERAL INFORMATION
fixed length control field 220927s1965 enk 000 p eng d
035 ## - SYSTEM CONTROL NUMBER
System control number (BD-RjUL)80442
040 ## - CATALOGING SOURCE
Language of cataloging eng
Description conventions rda
Modifying agency UkOxU
Original cataloging agency BD-RjUL
Transcribing agency BD-RjUL
041 ## - LANGUAGE CODE
Language code of text/sound track or separate title eng
082 ## - DEWEY DECIMAL CLASSIFICATION NUMBER
Edition number 23
Classification number 821.91
Author mark and year SPB 1965
100 1# - MAIN ENTRY--PERSONAL NAME
Personal name Spencer, Bernard,
Dates associated with a name 1909-1963,
Relator term author.
9 (RLIN) 5024
245 10 - TITLE STATEMENT
Title Bernard Spencer :
Remainder of title collected poems /
Statement of responsibility, etc. Bernard Spencer.
246 3# - VARYING FORM OF TITLE
Title proper/short title collected poems
260 ## - PUBLICATION, DISTRIBUTION, ETC. (IMPRINT)
Place of publication, distribution, etc. London :
Name of publisher, distributor, etc. Alan Ross,
Date of publication, distribution, etc. 1965.
300 ## - PHYSICAL DESCRIPTION
Pagination 96 pages ;
Size 21 cm.
650 ## - SUBJECT ADDED ENTRY--TOPICAL TERM
Topical term or geographic name as entry element English poetry
Topical term or geographic name as entry element Poetry
942 ## - ADDED ENTRY ELEMENTS (KOHA)
Source of classification or shelving scheme Dewey Decimal Classification
Koha item type Books
Holdings
Lost status Source of classification or shelving scheme Damaged status Not for loan Collection code Permanent Location Current Location Shelving location Date acquired Source of acquisition Cost, normal purchase price Full call number Date last seen Copy number Koha item type Total Checkouts
  Dewey Decimal Classification   Not For Loan Non-fiction Central Library, University of Rajshahi Central Library, University of Rajshahi Reading Room 24/09/1968 Zeitlinger 25.00 821.91 SPB 1965 27/09/2022 C-1 Books  
  Dewey Decimal Classification     Non-fiction Central Library, University of Rajshahi Central Library, University of Rajshahi General Stacks 24/09/1968 Zeitlinger 25.00 821.91 SPB 1965 27/09/2022 C-2 Books  
  Dewey Decimal Classification     Non-fiction Central Library, University of Rajshahi Central Library, University of Rajshahi General Stacks 24/09/1968 Zeitlinger 25.00 821.91 SPB 1965 27/09/2022 C-3 Books  
  Dewey Decimal Classification     Non-fiction Central Library, University of Rajshahi Central Library, University of Rajshahi General Stacks 24/09/1968 Zeitlinger 25.00 821.91 SPB 1965 27/09/2022 C-4 Books  
  Dewey Decimal Classification     Non-fiction Central Library, University of Rajshahi Central Library, University of Rajshahi General Stacks 24/09/1968 Zeitlinger 25.00 821.91 SPB 1965 27/09/2022 C-5 Books  
  Dewey Decimal Classification     Non-fiction Central Library, University of Rajshahi Central Library, University of Rajshahi General Stacks 24/09/1968 Zeitlinger 25.00 821.91 SPB 1965 27/09/2022 C-6 Books  
  Dewey Decimal Classification     Non-fiction Central Library, University of Rajshahi Central Library, University of Rajshahi General Stacks 24/09/1968 Zeitlinger 25.00 821.91 SPB 1965 27/09/2022 C-7 Books  
  Dewey Decimal Classification     Non-fiction Central Library, University of Rajshahi Central Library, University of Rajshahi General Stacks 24/09/1968 Zeitlinger 25.00 821.91 SPB 1965 27/09/2022 C-8 Books  
  Dewey Decimal Classification     Non-fiction Central Library, University of Rajshahi Central Library, University of Rajshahi General Stacks 24/09/1968 Zeitlinger 25.00 821.91 SPB 1965 27/09/2022 C-9 Books  
  Dewey Decimal Classification     Non-fiction Central Library, University of Rajshahi Central Library, University of Rajshahi General Stacks 23/05/1964 Zeitlinger 25.00 821.91 SPB 1965 27/09/2022 C-10 Books